[Event "16th North Sea Cup"]
[Site "Esbjerg DEN"]
[Date "2001.07.06"]
[Round "1"]
[White "Nielsen,PH"]
[Black "Rustemov,A"]
[Result "0-1"]
[WhiteElo "2593"]
[BlackElo "2607"]
[EventDate "2001.07.06"]

1. c4 f5 2. Nf3 Nf6 3. g3 d6 4. d4 g6 5. b4 Bg7 6. Bb2 e6 7. Bg2 Qe7 8. O-O
O-O 9. Nbd2 Nbd7 10. Qb3 Kh8 11. c5 Nd5 12. e4 fxe4 13. Nxe4 N7f6 14. Rae1
Bd7 15. Nc3 Rae8 16. Ng5 Nxc3 17. Bxc3 c6 18. Bb2 h6 19. Ne4 Nxe4 20. Bxe4
g5 21. Bg6 Rd8 22. Bb1 d5 23. f4 gxf4 24. Qd3 Bf6 25. Rxf4 Bg5 26. Rxf8+
Rxf8 27. h4 Qf7 28. Bc3 Bxh4 29. Bd2 Bxg3 30. Rf1 Bf2+ 31. Kh1 Qh5+ 32. Kg2
Qg4+ 33. Kh2 Rf5 0-1

[Event "16th North Sea Cup"]
[Site "Esbjerg DEN"]
[Date "2001.07.06"]
[Round "1"]
[White "Van den Doel,E"]
[Black "Schandorff,L"]
[Result "1/2-1/2"]
[WhiteElo "2607"]
[BlackElo "2551"]
[EventDate "2001.07.06"]

1. e4 e5 2. Nf3 Nf6 3. Nxe5 d6 4. Nf3 Nxe4 5. d4 d5 6. Bd3 Nc6 7. O-O Be7
8. c4 Nb4 9. Be2 O-O 10. a3 Nc6 11. cxd5 Qxd5 12. Nc3 Nxc3 13. bxc3 Bf5 14.
c4 Qd6 15. d5 Ne5 16. Nd4 Bd7 17. a4 c6 18. Rb1 cxd5 19. cxd5 Qxd5 20. Nf5
Qe6 21. Nxe7+ Qxe7 22. Rxb7 Qe6 23. Rb4 Rfc8 24. Rd4 Be8 25. Bf4 Qf6 26.
Qd2 Ng6 27. Bf3 Rd8 28. Bd6 Rac8 29. Rd1 Bc6 30. Bxc6 Rxc6 31. Be5 Rxd4 32.
Qxd4 Qe7 33. Bxg7 Qg5 34. g3 Nh4 35. Qb2 h5 36. Bc3 Nf3+ 37. Kh1 Rc8 38.
Bf6 Qf5 39. Qb7 Re8 40. Ba1 Kh7 41. Qb2 Re5 42. Qb1 Re4 43. Bc3 h4 44. Rd8
Re1+ 45. Qxe1 Nxe1 46. Rh8+ Kg6 47. Rg8+ Kh7 48. Rh8+ 1/2-1/2

[Event "16th North Sea Cup"]
[Site "Esbjerg DEN"]
[Date "2001.07.07"]
[Round "2"]
[White "Nataf,IA"]
[Black "Rozentalis,E"]
[Result "1/2-1/2"]
[WhiteElo "2527"]
[BlackElo "2588"]
[EventDate "2001.07.06"]

1. e4 e5 2. Nf3 Nf6 3. Nxe5 d6 4. Nf3 Nxe4 5. d4 d5 6. Bd3 Bd6 7. O-O O-O
8. c4 c6 9. cxd5 cxd5 10. Nc3 Nxc3 11. bxc3 Nd7 12. Bg5 Qc7 13. Qc2 h6 14.
Bh4 Nb6 15. Rfe1 Nc4 16. Bg3 Bxg3 17. hxg3 Bg4 18. Bxc4 Bxf3 19. Bb3 Be4
20. Qd2 Rfd8 21. f3 Bg6 22. Re5 Qc6 23. Rae1 Rac8 24. R1e3 b6 25. Kh2 Rc7
26. Re7 a5 27. Ba4 Qd6 28. Rxc7 Qxc7 29. Qe1 Qc4 30. Re8+ 1/2-1/2

[Event "16th North Sea Cup"]
[Site "Esbjerg DEN"]
[Date "2001.07.08"]
[Round "3"]
[White "Rozentalis,E"]
[Black "Hansen,Cu"]
[Result "1/2-1/2"]
[WhiteElo "2588"]
[BlackElo "2626"]
[EventDate "2001.07.06"]

1. e4 c5 2. c3 Nf6 3. e5 Nd5 4. Nf3 Nc6 5. Bc4 Nb6 6. Bb3 d5 7. exd6 Qxd6
8. O-O c4 9. Bc2 g6 10. b3 Bg7 11. Na3 cxb3 12. axb3 O-O 13. d4 Bg4 14. h3
Bxf3 15. Qxf3 e5 16. Nb5 Qd7 17. Ba3 Rfc8 18. dxe5 Nxe5 19. Qe2 a6 20. Nd6
Rxc3 21. Rfd1 Qe6 22. Be4 Ned7 23. Nxb7 Rxb3 24. Ra2 Rc8 25. Nd6 1/2-1/2

[Event "16th North Sea Cup"]
[Site "Esbjerg DEN"]
[Date "2001.07.08"]
[Round "3"]
[White "Van den Doel,E"]
[Black "Nataf,IA"]
[Result "1/2-1/2"]
[WhiteElo "2607"]
[BlackElo "2527"]
[EventDate "2001.07.06"]

1. e4 c5 2. Nf3 Nc6 3. d4 cxd4 4. Nxd4 e5 5. Nb5 d6 6. N1c3 a6 7. Na3 b5 8.
Nd5 Nce7 9. c4 Nxd5 10. exd5 bxc4 11. Nxc4 Nf6 12. Be3 Rb8 13. Be2 Be7 14.
a4 O-O 15. O-O Bb7 16. Nb6 Nd7 17. a5 f5 18. f3 Nxb6 19. Bxb6 Qd7 20. b4
Bd8 21. Bxd8 Rfxd8 22. Bc4 Bc8 23. Rb1 Qa7+ 24. Kh1 Bd7 25. Qd3 Bb5 26.
Bxb5 Rxb5 27. Qxf5 Rxd5 28. Rfc1 Qd7 29. Qe4 Rb5 30. Rc6 d5 31. Qc2 d4 32.
Rxa6 d3 33. Qd2 Qc8 34. Rb6 Rxb6 35. axb6 Qc2 36. Rd1 Qxd2 37. Rxd2 Rd4 38.
Kg1 Rxb4 39. Rxd3 Rxb6 40. Rd5 Rb1+ 41. Kf2 Rb2+ 42. Kg3 Re2 43. Rd7
1/2-1/2

[Event "16th North Sea Cup"]
[Site "Esbjerg DEN"]
[Date "2001.07.09"]
[Round "4"]
[White "Nataf,IA"]
[Black "Nielsen,PH"]
[Result "0-1"]
[WhiteElo "2527"]
[BlackElo "2593"]
[EventDate "2001.07.06"]

1. e4 c6 2. d4 d5 3. e5 Bf5 4. Nc3 e6 5. g4 Bg6 6. Nge2 c5 7. h4 h5 8. Nf4
Bh7 9. Nxh5 Nc6 10. dxc5 Bxc5 11. Bd3 Bxd3 12. Qxd3 g6 13. Ng3 Rxh4 14.
Rxh4 Qxh4 15. Qb5 Bb6 16. Be3 Qxg4 17. Bxb6 axb6 18. Qxb6 Nxe5 19. Qxb7 Rd8
20. Qb5+ Kf8 21. Qb6 Nf3+ 22. Kf1 Rc8 23. a4 Nf6 24. a5 d4 25. Qb7 e5 26.
a6 dxc3 27. a7 Qh3+ 28. Ke2 Nd4+ 29. Kd3 cxb2 30. a8=Q bxa1=Q 31. Qxa1 Qe6
32. Qaa6 Rc6 33. Qaa8+ Kg7 34. Qb4 Rd6 35. Qba5 Nc6+ 0-1

[Event "16th North Sea Cup"]
[Site "Esbjerg DEN"]
[Date "2001.07.09"]
[Round "4"]
[White "Hansen,Cu"]
[Black "Van den Doel,E"]
[Result "1/2-1/2"]
[WhiteElo "2626"]
[BlackElo "2607"]
[EventDate "2001.07.06"]

1. c4 e5 2. Nc3 Nf6 3. Nf3 Nc6 4. d3 d5 5. cxd5 Nxd5 6. g3 Be7 7. Nxd5 Qxd5
8. Bg2 Be6 9. O-O Qd7 10. Be3 O-O 11. Qa4 Rfd8 12. Rfc1 Bd5 13. Ne1 f5 14.
Bxd5+ Qxd5 15. Nf3 Rd7 16. b4 a6 17. Rab1 b5 18. Qb3 Qxb3 19. Rxb3 Nxb4 20.
a3 Nd5 21. Nxe5 Rdd8 22. Nc6 Re8 23. Bd2 Bd6 24. e3 Kf7 25. h4 g6 26. Kg2
Ke6 27. f4 Kd7 28. Kf3 Re6 29. e4 Nb6 30. Nd4 fxe4+ 31. dxe4 Nc4 32. Rd3
Rf6 33. Kg2 Nb2 34. Rb3 Nc4 35. Rd3 Nb2 36. Rb3 1/2-1/2

[Event "16th North Sea Cup"]
[Site "Esbjerg DEN"]
[Date "2001.07.10"]
[Round "5"]
[White "Nielsen,PH"]
[Black "Hansen,Cu"]
[Result "1/2-1/2"]
[WhiteElo "2593"]
[BlackElo "2626"]
[EventDate "2001.07.06"]

1. d4 d5 2. c4 dxc4 3. Nf3 e6 4. e3 Nf6 5. Bxc4 c5 6. O-O a6 7. dxc5 Bxc5
8. Qxd8+ Kxd8 9. Nbd2 Ke7 10. b3 Nbd7 11. Bb2 b6 12. Rfd1 Bb7 13. Be2 Rhd8
14. Ne1 Kf8 15. Nc4 1/2-1/2

[Event "16th North Sea Cup"]
[Site "Esbjerg DEN"]
[Date "2001.07.10"]
[Round "5"]
[White "Rustemov,A"]
[Black "Nataf,IA"]
[Result "1/2-1/2"]
[WhiteElo "2607"]
[BlackElo "2527"]
[EventDate "2001.07.06"]

1. d4 Nf6 2. Nf3 g6 3. c4 Bg7 4. g3 O-O 5. Bg2 c6 6. O-O d5 7. Nbd2 a5 8.
Ne5 Ng4 9. Nef3 Nf6 10. Ne5 Ng4 11. Nef3 Nf6 12. b3 Be6 13. Bb2 a4 14. Bc3
axb3 15. axb3 Na6 16. e3 Bf5 17. Qe2 Ne4 18. Nxe4 Bxe4 19. Rfc1 Qd7 20. c5
Nc7 21. b4 1/2-1/2

[Event "16th North Sea Cup"]
[Site "Esbjerg DEN"]
[Date "2001.07.11"]
[Round "6"]
[White "Hansen,Cu"]
[Black "Rustemov,A"]
[Result "1-0"]
[WhiteElo "2626"]
[BlackElo "2607"]
[EventDate "2001.07.06"]

1. d4 d5 2. c4 c6 3. Nf3 Nf6 4. Qc2 dxc4 5. Qxc4 Bf5 6. g3 e6 7. Bg2 Nbd7
8. O-O Be7 9. Nc3 O-O 10. Bf4 Nd5 11. a3 N7b6 12. Qb3 Nxc3 13. bxc3 Be4 14.
Rac1 Bd5 15. Qb2 g5 16. Be3 Nc4 17. Qxb7 Rb8 18. Qa6 Rb5 19. Ne5 Nxe5 20.
dxe5 Bxg2 21. Kxg2 Qd5+ 22. Kg1 Ra5 23. Qb7 Bxa3 24. Ra1 Qxe5 25. Qxc6 Be7
26. Rxa5 Qxa5 27. c4 Bf6 28. Rd1 Kg7 29. Kg2 a6 30. Rd7 Qf5 31. c5 Rd8 32.
Ra7 Rd5 33. Qa4 Bd4 34. Bxd4+ Kg6 35. f3 1-0

[Event "16th North Sea Cup"]
[Site "Esbjerg DEN"]
[Date "2001.07.11"]
[Round "6"]
[White "Rozentalis,E"]
[Black "Van den Doel,E"]
[Result "1-0"]
[WhiteElo "2588"]
[BlackElo "2607"]
[EventDate "2001.07.06"]

1. e4 e5 2. Nf3 Nc6 3. Bb5 Nf6 4. Qe2 Bc5 5. d3 Nd4 6. Nxd4 Bxd4 7. c3 Bb6
8. Bg5 h6 9. Bh4 O-O 10. Nd2 c6 11. Ba4 d5 12. O-O-O d4 13. c4 Qd6 14. f4
Bg4 15. fxe5 Qxe5 16. Nf3 Qf4+ 17. Qd2 Qxd2+ 18. Rxd2 Nd7 19. Bd1 Bxf3 20.
gxf3 f5 21. b4 Bd8 22. Bf2 Bg5 23. Bxd4 a5 24. Rg1 fxe4 25. dxe4 Bxd2+ 26.
Kxd2 Nf6 27. b5 Nh5 28. Ke3 Rf7 29. bxc6 bxc6 30. c5 Kh7 31. Bb3 Re7 32.
Ba4 Re6 33. Rb1 Nf6 34. Rb7 Rd8 35. Bb3 1-0

[Event "16th North Sea Cup"]
[Site "Esbjerg DEN"]
[Date "2001.07.11"]
[Round "6"]
[White "Nataf,IA"]
[Black "Schandorff,L"]
[Result "1/2-1/2"]
[WhiteElo "2527"]
[BlackElo "2551"]
[EventDate "2001.07.06"]

1. e4 e5 2. Nf3 Nf6 3. Nxe5 d6 4. Nf3 Nxe4 5. d4 d5 6. Bd3 Bd6 7. O-O O-O
8. c4 c6 9. cxd5 cxd5 10. Nc3 Nxc3 11. bxc3 Bg4 12. Rb1 Nd7 13. h3 Bh5 14.
Rb5 Nb6 15. c4 Bxf3 16. Qxf3 dxc4 17. Bc2 Qd7 18. a4 Rfe8 19. Bf5 Qc7 20.
a5 Qc6 21. Qxc6 bxc6 22. Rb2 c3 23. Rc2 Nd5 24. Bd7 Red8 25. Bxc6 Nb4 26.
Rxc3 Rac8 27. d5 Nxd5 28. Rc4 Nb4 1/2-1/2

[Event "16th North Sea Cup"]
[Site "Esbjerg DEN"]
[Date "2001.07.12"]
[Round "7"]
[White "Schandorff,L"]
[Black "Hansen,Cu"]
[Result "1/2-1/2"]
[WhiteElo "2551"]
[BlackElo "2626"]
[EventDate "2001.07.06"]

1. d4 Nf6 2. c4 e6 3. Nf3 b6 4. g3 Ba6 5. b3 d5 6. Bg2 Bb4+ 7. Bd2 Be7 8.
cxd5 exd5 9. Nc3 O-O 10. O-O Bb7 11. Bf4 Na6 12. Qc2 Qd7 13. Rad1 Rfd8 14.
Rfe1 h6 15. Bc1 Qe6 16. Bb2 c5 17. Qb1 Bf8 18. e3 Ne4 19. dxc5 Nxc3 20.
Bxc3 Bxc5 21. Ne5 Nc7 22. Nd3 a5 1/2-1/2

[Event "16th North Sea Cup"]
[Site "Esbjerg DEN"]
[Date "2001.07.12"]
[Round "7"]
[White "Van den Doel,E"]
[Black "Sutovsky,E"]
[Result "0-1"]
[WhiteElo "2607"]
[BlackElo "2651"]
[EventDate "2001.07.06"]

1. e4 c5 2. Nf3 d6 3. d4 cxd4 4. Nxd4 Nf6 5. Nc3 a6 6. Be3 e5 7. Nb3 Be6 8.
f3 Be7 9. Qd2 O-O 10. O-O-O Nbd7 11. g4 Qc7 12. Kb1 b5 13. g5 Nh5 14. Nd5
Bxd5 15. exd5 Nb6 16. Na5 Nxd5 17. Qxd5 Qxa5 18. c4 Qb4 19. cxb5 axb5 20.
Rg1 Nf4 21. Qxb5 Rfb8 22. Qxb4 Rxb4 23. Rg4 Rab8 24. Rd2 g6 25. Bxf4 exf4
26. Be2 h6 27. gxh6 Bf6 28. b3 Be5 29. Rc2 R8b7 30. Rc4 R4b6 31. Rc8+ Kh7
32. Bc4 d5 33. Bd3 Re7 34. Rg2 Bd6 35. Re2 Re3 36. Rxe3 fxe3 37. Kc2 Kxh6
38. a4 Bb4 39. h4 g5 40. Rh8+ Kg7 41. Rh5 gxh4 42. Rxh4 Rc6+ 43. Kd1 Bd2
44. Ke2 Rc1 45. Bb5 Kf6 46. b4 Rb1 47. Bd3 Re1+ 0-1

[Event "16th North Sea Cup"]
[Site "Esbjerg DEN"]
[Date "2001.07.13"]
[Round "8"]
[White "Rozentalis,E"]
[Black "Rustemov,A"]
[Result "1-0"]
[WhiteElo "2588"]
[BlackElo "2607"]
[EventDate "2001.07.06"]

1. e4 e6 2. d4 d5 3. Nd2 c5 4. Ngf3 cxd4 5. exd5 Qxd5 6. Bc4 Qd6 7. Qe2 Nf6
8. Nb3 Nc6 9. Bg5 a6 10. O-O-O b5 11. Bd3 Be7 12. Kb1 e5 13. Bxf6 gxf6 14.
Nh4 h5 15. Nf5 Qc7 16. Be4 Ra7 17. f4 Bxf5 18. Bxf5 Kf8 19. Rhf1 Rh6 20.
Be4 Nd8 21. Rf3 a5 22. Qxb5 a4 23. Nd2 f5 24. Bxf5 exf4 25. Nc4 Rb7 26. Qd5
Rc6 27. Bd3 Ne6 28. Be4 Rcb6 29. Nxb6 Rxb6 30. b3 Bf6 31. g3 Qe7 32. Qa8+
Kg7 33. gxf4 Nc5 34. Rg1+ Kh6 35. Bf5 axb3 36. cxb3 Nxb3 37. Rxb3 Qc5 38.
Bd3 Rxb3+ 39. axb3 Qb4 40. Qd5 Qc3 41. Be2 1-0

[Event "16th North Sea Cup"]
[Site "Esbjerg DEN"]
[Date "2001.07.13"]
[Round "8"]
[White "Van den Doel,E"]
[Black "Nielsen,PH"]
[Result "0-1"]
[WhiteElo "2607"]
[BlackElo "2593"]
[EventDate "2001.07.06"]

1. e4 c6 2. d4 d5 3. e5 Bf5 4. Nc3 Qb6 5. Nf3 e6 6. Be2 Ne7 7. O-O Nd7 8.
b3 Bg4 9. Na4 Qc7 10. c4 dxc4 11. bxc4 Rd8 12. Ng5 Bxe2 13. Qxe2 Nf5 14. d5
Qxe5 15. Qf3 Bd6 16. g3 cxd5 17. Bb2 d4 18. Rae1 Qa5 19. g4 Ne5 20. Qf4 Nh6
21. c5 Nd3 22. Qe4 Nxc5 23. Nxc5 Qxc5 24. Nxe6 fxe6 25. Qxe6+ Kf8 26. Re3
Nf7 27. Rc1 dxe3 28. Rxc5 exf2+ 29. Kxf2 Bxc5+ 30. Kf1 Be7 31. Bxg7+ Kxg7
32. Qxe7 Rhe8 33. Qxb7 Rd1+ 34. Kf2 Rd2+ 35. Kg3 Rxa2 36. h4 Re6 37. g5
Ra3+ 38. Kg4 Ra4+ 39. Kg3 Ree4 40. h5 Reb4 41. h6+ Kg6 42. Qc6+ Kh5 0-1

[Event "16th North Sea Cup"]
[Site "Esbjerg DEN"]
[Date "2001.07.13"]
[Round "8"]
[White "Sutovsky,E"]
[Black "Nataf,IA"]
[Result "1-0"]
[WhiteElo "2651"]
[BlackElo "2527"]
[EventDate "2001.07.06"]

1. e4 c5 2. Nf3 Nc6 3. Bb5 e6 4. O-O Nge7 5. Nc3 Nd4 6. Nxd4 cxd4 7. Ne2 a6
8. Ba4 Nc6 9. d3 Bc5 10. Bxc6 dxc6 11. Ng3 h5 12. e5 Qd5 13. Re1 Bb4 14.
Re4 g6 15. Ne2 Bc5 16. h4 b5 17. Bg5 Bb7 18. Ng3 Be7 19. Bxe7 Kxe7 20. Qf3
Rh7 21. Qf6+ Kf8 22. Rf4 c5 23. Ne4 Rg7 24. f3 Re8 25. Qg5 Qd8 26. Nf6 Rg8
27. Qh6+ Ke7 28. Nxg8+ Rxg8 29. Qg5+ 1-0

[Event "16th North Sea Cup"]
[Site "Esbjerg DEN"]
[Date "2001.07.14"]
[Round "9"]
[White "Schandorff,L"]
[Black "Rozentalis,E"]
[Result "1/2-1/2"]
[WhiteElo "2551"]
[BlackElo "2588"]
[EventDate "2001.07.06"]

1. c4 Nf6 2. Nc3 e6 3. Nf3 Bb4 4. Qc2 O-O 5. a3 Bxc3 6. Qxc3 b6 7. b4 Bb7
8. Bb2 d6 9. g3 Nbd7 10. Bg2 Ne5 11. O-O Nxf3+ 12. Bxf3 Bxf3 13. Qxf3 e5
14. d3 1/2-1/2

[Event "16th North Sea Cup"]
[Site "Esbjerg DEN"]
[Date "2001.07.14"]
[Round "9"]
[White "Nataf,IA"]
[Black "Hansen,Cu"]
[Result "1/2-1/2"]
[WhiteElo "2527"]
[BlackElo "2626"]
[EventDate "2001.07.06"]

1. e4 c5 2. Nf3 e6 3. d4 cxd4 4. Nxd4 Nf6 5. Nc3 d6 6. Be2 Be7 7. O-O O-O
8. f4 Nc6 9. Be3 Bd7 10. Nb3 a6 11. a4 Rc8 12. a5 Qc7 13. Bf3 Nb4 14. Rf2
Bc6 15. Qd4 d5 16. e5 Nd7 17. Bg4 g6 18. Qd2 1/2-1/2